| 000 | 00637nam a2200253 a 4500 | ||
|---|---|---|---|
| 003 | AR-BaBNM | ||
| 005 | 20251128203300.0 | ||
| 008 | 082120s2002 ||||||||||||||000 | spa|| | ||
| 020 | _a2-7293-6916-3 | ||
| 040 | _cAR-BaBNM | ||
| 100 | 1 | _aGuion, Jean | |
| 245 | 0 | 0 |
_aApprendre a lire _n2 |
| 260 |
_aParis _bSermap-Hatier _c1984 |
||
| 300 |
_a48 p. _bil. |
||
| 650 | 4 | _aENSEÑANZA DE IDIOMAS | |
| 650 | 4 | _aFRANCES | |
| 650 | 4 | _aLIBROS DE TEXTO | |
| 650 | 4 | _aENSEÑANZA DE LA LECTURA | |
| 653 | _aESTRATEGIAS DIDACTICAS | ||
| 700 | 1 | _aGuion, Jeanine | |
| 700 | 1 |
_aCornuel, Pierre _eilustrador |
|
| 942 | _cBK | ||
| 998 | _cLomberg | ||
| 999 |
_c2704 _d2704 |
||